| 000 | 00686nam a2200181 a 4500 | ||
|---|---|---|---|
| 003 | 0 | ||
| 005 | 20250509111718.0 | ||
| 008 | 970101s19uu xx 00 eng d | ||
| 050 |
_aPHS LC 1038 _b.G86 2004 |
||
| 100 | _aGumaru, Krisselle Beatrice P. | ||
| 245 |
_aThe Effects of employment of S.E.E.D students on their academic performance / _cKrisselle Beatrice P. Gumaru. |
||
| 260 |
_aLas PiƱas City, Philippines : _bSouthville International School and Colleges, _c2004. |
||
| 300 |
_a43 pages : _billustrations ; _c28 cm. |
||
| 650 |
_aStudent employment _zPhilippines. |
||
| 650 |
_aAcademic achievement _zPhilippines. |
||
| 650 |
_aWork and study _zPhilippines. |
||
| 942 |
_2lcc _cPASS |
||
| 999 |
_c97120 _d97120 |
||